Празничен календар (Запис номер 163658)
[ съкратено ]
| 000 -Лидер | |
|---|---|
| Контролно поле с фиксирана дължина | 02321nam a2200457 c 4500 |
| 003 - Код на организацията, давaща контролен номер | |
| Контролно поле | BLK |
| 005 - Дата и час на последна редакция | |
| Контролно поле | 20180422113931.0 |
| 008 - Елементи от данни с фиксирана дължина | |
| fixed length control field | 180410b bul|||||r ||||||| ||bul|| |
| 010 ## - Наследен системен номер | |
| LC control number | KNG00171113000 |
| 020 ## - Международен стандартен номер на книга ISBN | |
| Международен стандартен номер на книга ISBN | 978-954-490-387-9 |
| -- | издат.: Екс-прес |
| 040 ## - Източник на каталожния запис | |
| Идентификатор на билиотеката - собственик на записа | BLK |
| 041 ## - Код за език | |
| Код за езика на текст/звукозапис или на отделно заглавие | Български |
| Код за езика КДБФ | Български |
| 072 #7 - Код за тематичната категория | |
| Код организация | bullib |
| Код за тематична категория | Н85 |
| Текст | Детска художествена литература Н |
| 072 #7 - Код за тематичната категория | |
| Код организация | bullib |
| Код за тематична категория | Я |
| Текст | Автографи |
| 080 ## - УДК | |
| Текстов определител УДК | Българска бесарабска литература |
| УДК код - определител по УДК | 821.163.2(478.9) |
| УДК определител | -93-8 |
| УДК - код + определител | 821.163.2(478.9)-93-8 |
| 080 ## - УДК | |
| Текстов определител УДК | Българска литература |
| УДК код - определител по УДК | 821.163.2 |
| УДК определител | (477)-93-8 |
| УДК - код + определител | 821.163.2(477)-93-8 |
| 139 ## - Редно поле | |
| Редна дума | Празничен календар |
| Авторски знак | Правилн - П 84 |
| 245 10 - Сведения за заглавието | |
| Заглавие | Празничен календар |
| Подзаглавни данни | Сб. : Бълг. литература за деца и юноши на авт. от Молдова и Украйна |
| Редно поле (дума) | * Станка Костадинова Вълкова-Чурлина; състав. Силвия Георгиева Ангелова; състав. Татяна Караиванова. |
| 257 ## - Страна на издаване | |
| Страна на създаване/издаване | България |
| 260 ## - Област на издателските данни | |
| -- | Габрово |
| Име на издателя, разпространителя и проч. | Екс-прес |
| Година на издаване | 2013 |
| 300 ## - Физическа характеристика | |
| Страници | 156 с. |
| Илюстрации и др. | с ноти |
| Размери/Мащаб | 21 см |
| 380 ## - Жанр | |
| Жанр | Детска худож. лит. |
| 500 ## - Общи забележки | |
| Забележка | Пълното име на авт. на предг. е Станка Костадинова Вълкова-Чурлина. - Те не забравиха своя род, език и вяра / Станка Вълкова : с. 5-6. - Кратки биографични данни за авторите : с. 142-150. |
| 651 #4 - Допълнително описание по предмет - топоним | |
| Географско понятие | Бесарабия |
| 9 (RLIN) | 178620 |
| 651 #4 - Допълнително описание по предмет - топоним | |
| Географско понятие | Молдова |
| 9 (RLIN) | 179229 |
| 651 #4 - Допълнително описание по предмет - топоним | |
| Географско понятие | Украйна |
| 9 (RLIN) | 179705 |
| 653 ## - Ключова дума – ненормативна | |
| Ключова дума | стихотворения за деца |
| 653 ## - Ключова дума – ненормативна | |
| Ключова дума | разкази |
| 653 ## - Ключова дума – ненормативна | |
| Ключова дума | литература за деца |
| 653 ## - Ключова дума – ненормативна | |
| Ключова дума | детска литература |
| 659 ## - Тематичен бюлетин | |
| Тематичен бюлетин | Н |
| 659 ## - Тематичен бюлетин | |
| Тематичен бюлетин | Я |
| 700 1# - Други автори (авторска отговорност) | |
| Лично име | Вълкова-Чурлина, Станка Костадинова |
| Автороска отговорност (Описва отношението между автора и произведението) | * |
| 9 (RLIN) | 368477 |
| 700 1# - Други автори (авторска отговорност) | |
| Лично име | Ангелова, Силвия Георгиева |
| Автороска отговорност (Описва отношението между автора и произведението) | състав. |
| 9 (RLIN) | 327681 |
| 700 1# - Други автори (авторска отговорност) | |
| Лично име | Караиванова, Татяна |
| Автороска отговорност (Описва отношението между автора и произведението) | състав. |
| 9 (RLIN) | 336052 |
| 852 ## - Местоположение | |
| Форматна сигнатура | Цб 272618 |
| 856 4# - Електронен адрес и достъп | |
| Електронен формат | pdf - файл |
| Път до файла /url/ | |
| 856 4# - Електронен адрес и достъп | |
| Електронен формат | pdf - файл |
| Път до файла /url/ | |
| 942 ## - АРТИКУЛИ | |
| Вид на библиотечния материал | Книги |
| Скрит в OPAC | Не |
| 944 ## - СЪЗДАВАНЕ И РЕДАКЦИЯ на ЗАПИСА | |
| Създаване/Редакция | Създаване |
| Дата на регистрацията/редакция | 12.02.2015 |
| Статус, дата на статуса | ф / |
| Служител, извършил регистрацията/редакцията | Виолета_Тройчева |
| 944 ## - СЪЗДАВАНЕ И РЕДАКЦИЯ на ЗАПИСА | |
| Създаване/Редакция | Редакция |
| Дата на регистрацията/редакция | 14.04.2015 |
| Статус, дата на статуса | ф / |
| Служител, извършил регистрацията/редакцията | Людмила_Стоянова |
| 999 ## - СИСТЕМНИ КОНТРОЛНИ НОМЕРА | |
| Koha biblionumber | 163658 |
| Koha biblioitemnumber | 163658 |
| Код за отписване | Код за изгубен артикул | Код за повреда | Коз за рестрикции | Код за отдаване | Артикулен № | Име на библиотеката - собственик | Име на библиотеката, в която се намира в момента | Статус (Текущо местоположение) | Дата на вписване в системата | Местоположение - отдел | Цена в лева | Номерация (Хронология) | Инвентарен номер | Систематично азбучна сигнатура | Баркод | Номер на екземпляра | Цена в евро | Служебна бележка | Служебен тип на артикула |
|---|---|---|---|---|---|---|---|---|---|---|---|---|---|---|---|---|---|---|---|
| Не е изгубен | Не е повреден | без рестрикции | ползва се в читалня | 274648 | Регионална библиотека "Любен Каравелов" Русе | Регионална библиотека "Любен Каравелов" Русе | Хранилище | 2015-02-20 | Основен фонд - ползва се само за читалня | 8.00 | Автограф: Татяна Караиванова | 120000785619 | Цб 272618 | 120000785619 | 1 | 4.09 | Дост: DA Вид: А N: 5 Дата: 20.02.2015 | Книги | |
| Не е изгубен | Не е повреден | без рестрикции | заемане за дома | 274649 | Регионална библиотека "Любен Каравелов" Русе | Регионална библиотека "Любен Каравелов" Русе | Детски отдел | 2015-02-20 | Детски отдел | 8.00 | Автограф: Татяна Караиванова | 120000785620 | ДХ 886.7/П 84 | 120000785620 | 2 | 4.09 | Дост: DA Вид: А N: 5 Дата: 20.02.2015 Дата инв: 17.08.2015 Бележки инв: Д2015 | Книги |